000 00523nam a2200169 i 4500
001 89984
003 ES-MaACL
005 20230906180322.0
007 t|
008 050117s1974 sp ||||1| spa d
130 0 _aLazarillo de Tormes.
_9122472
245 1 3 _aLa vida de Lazarillo de Tormes y de sus fortunas y adversidades /
_cedición, introducción y notas de Alberto Blecua.
260 _aMadrid :
_bCastalia,
_c[1974]
300 _a185 p. ;
_c18 cm.
700 1 _aBlecua, Alberto.
_929458
852 4 _aES-MaACL
_jE-8055
999 _c89984
_d89984